Flags - Statistics

General Stats
  • This quiz has been taken 6 times
  • The average score is 3 of 23
Answer Stats
Picture Answer % Correct
Abkhazia
60%
Republic of China
60%
Vichy France
60%
Manchukuo
40%
Qing Dinasty
40%
Tripoli
20%
Algiers Regency
0%
Ancient Egypt
0%
Benin Empire
0%
Cambodia
0%
German East Africa Company
0%
German New Guinea
0%
Ghassanids
0%
Great Achaemenid Empire
0%
Guinea Company
0%
Habsburg Monarchy
0%
Kingdom of Bavaria
0%
Pernambucan Revolt
0%
Peru-Bolivian Confederation
0%
Sandinista National Liberation Front
0%
Setif Revolt
0%
Tibetan Empire
0%
Washington Cruisers
0%
No matching quizzes found
Score Distribution
Percent of People with Each Score
Percentile by Number Answered
Your Score History
You have not taken this quiz